000
00330nam a2200133Ia 4500
008
240624s9999 xx 000 0 und d
041
_a
eng
082
_a
823 SEB
100
_a
MONTEFIORE SIMON SEBAG
245
_a
JERUSALEM THE BIOGRAPHY
260
_c
2011
_a
london
_b
Phoenix
300
_a
xxii, : 720p. ; 20cm.
365
_c
RS
_b
25
999
_c
19932
_d
19932